00498caa a22001452a 4500001000900000003001100009008004700020100003200067245015100099245003100250300001100281440000700292260000900299650004400308 001097 AR-FADEU 311216n############xxu####################dd aCiuro Caldani, Miguel Angel bFilosofía de la parte especial del Derecho Internacional Privado( del tiempo de la ley y el Estado Nacional al tiempo de contrato y la empresa ) aInvestigación y docencia a20-215 n26 c1996 aDERECHO INTERNACIONAL PRIVADO-FILOSOFIA